| 000 | 00874cam a2200301 4500 | ||
|---|---|---|---|
| 001 | ABS66506 | ||
| 008 | 030403n2003 000 0 eng u | ||
| 035 | _a(Sirsi) u121885 | ||
| 245 | _aFocus 2003: City and Docklands | ||
| 260 | _c2003 | ||
| 490 |
_aEstates Gazette _v(0310) 8 March 2003, 109-133(15) |
||
| 590 | _aABS | ||
| 650 | _aCITY OF LONDON | ||
| 650 | _aDOCKLANDS | ||
| 650 | _aPROPERTY-COMMERCIAL PROPERTY-OFFICE PROPERTY-OFFICE PROPERTY MARKET | ||
| 650 | _aCANARY WHARF | ||
| 650 | _aPROPERTY-COMMERCIAL PROPERTY-RETAIL PROPERTY-RETAIL PROPERTY MARKET | ||
| 650 | _aTAKE-UP | ||
| 650 | _aINVESTMENT | ||
| 650 | _aOCCUPIERS | ||
| 650 | _aLANDLORDS | ||
| 650 | _aOFFICE SPACE | ||
| 650 | _aWAR | ||
| 650 | _aECONOMIC DOWNTURN | ||
| 650 | _aDEVELOPMENTS | ||
| 690 | _aPROPERTY-COMMERCIAL PROPERTY-COMMERCIAL PROPERTY MARKET | ||
| 942 | _n0 | ||
| 999 |
_c72437 _d72437 |
||